| 000 | 01044 a2200169 4500 | ||
|---|---|---|---|
| 003 | Nust | ||
| 005 | 20230227122357.0 | ||
| 040 | _cNust | ||
| 082 | _a291.23,DES | ||
| 100 |
_aShaw Desmond _9109593 |
||
| 245 |
_aHow You Live when you Die / _cShaw Desmond |
||
| 260 |
_aLondon _bRider and company |
||
| 300 | _avii:176 p.; | ||
| 505 | _aA World about Evidence (Page-15), Where is the Next World (Page-17), Death (Page-18), A Girl is Dead (Page-21), Death Normal or Violent (Page-24),The First Three Months (Page-36), Wireless (Page-42), Building by Mind (Page-46), The Aura (Page-50), Astral Travelling (Page-53), The Little Lesson on Vibration (Page-63), Where Music is Life (Page-69), The Astral Music (Page-76), Third Plane Politics (Page-89), War on the Astral (Page-94), Home and Family Over There (Page-122), Astral Love Story (Page-126), Religion after Death (Page-146), The Return to Earth (Page-154), Scientists Heaven (Page-159), The Land Where Dreams Come True (Page-172). | ||
| 650 |
_aLife after death _9109594 |
||
| 942 |
_2ddc _cBK |
||
| 999 |
_c193655 _d193655 |
||